000 01541nam a2200313 c 4500
003 BLK
005 20190629141710.0
008 180409b bul|||||r ||||||| ||bul||
010 _aKNG00129517000
040 _aBLK
041 _aBUL
_cBUL
080 _aАнглийска литература
_b821.111
_x-6
_z821.111-6
080 _aАнглийска литература
_b821.111
_x-94
_z821.111-94
100 1 _aБайрон, Джордж Гордън Ноуъл
_eпърви автор
_9367011
700 1 _aСтефанова, Юлия
_eподб. и прев. от англ. с предг.
_9369258
139 _aБайрон, Джордж Гордън Ноуъл
_bБ 15
245 1 0 _aПисма и дневници
_cДжордж Гордън Ноуъл Байрон; подб. и прев. от англ. с предг. Юлия Стефанова.
257 _aGBR
260 София
_bНар. култура
_c1985
300 _a360 с.
_c22 см
380 _aX
490 1 _aПоредица Извори
500 _aПрев.е направен от The Works of Lord Byron with his letters and journals ; "In my hot youth", Byron's letters and journals ; Lord Byron in his letters. - 10 125 тир. - Съдържа и Живот в дати. - Именен показалец.
852 _aЦб 137647
856 4 _qpdf
_u
856 4 _qpdf
_u
942 _cKNG
_n0
_02
944 _aCR
_c04.04.2012
_l04.04.2012 - от С1,Р / 04.04.2012
_kНаталия_Медовщикова
944 _aED
_c04.04.2012
_l04.04.2012 - от С1,Р / 04.04.2012
_k
999 _c123854
_d123854